00334nam a2200121Ia 4500008004100000040001600041041001200057082001800069100003100087245004400118260003900162300001100201230917s9999||||xx |||||||||||||| ||und|| e28044aMAIN aEnglish a294.537 V669B aVidyavachaspati, Usha Puri 0aBharatiya mithakon mein prateekatmakata aNew DelhibSarthak prakashanc1997 a193 p.